Amritgyan: Sukh ka aadhar (Record no. 393351)

MARC details
000 -LEADER
fixed length control field 00518nam a22002057a 4500
005 - DATE & TIME
control field 20250605115455.0
008 - FIXED-LENGTH DATA ELEMENTS--GENERAL INFORMATION
fixed length control field 250604b |||||||| |||| 00| 0 eng d
020 ## - ISBN
International Standard Book Number 9788196100599
Price Rs. 295.00
040 ## - CATALOGING SOURCE
Original cataloging agency VIVEKANANDA LIBRARY
082 ## - DDC NUMBER
Classification number 179.9
Book Number R15A
100 ## - MAIN ENTRY--PERSONAL NAME
Relator code Rana, Ajit Singh
245 ## - TITLE STATEMENT
Title Amritgyan: Sukh ka aadhar
250 ## - EDITION STATEMENT
Edition statement 2nd
260 ## - PUBLICATION, DISTRIBUTION, ETC. (IMPRINT)
Place of publication, distribution, etc New Delhi
Name of publisher, distributor, etc Shivalik Prakashan
Date of publication, distribution, etc 2025
300 ## - PHYSICAL DESCRIPTION
Pages 154
650 ## - Subject
Subject Happiness- Philosophyical
650 ## - Subject
Subject Self- Help
650 ## - Subject
Subject Spiritual Life
942 ## - ADDED ENTRY ELEMENTS (KOHA)
Koha item type Books
Holdings
Withdrawn status Lost status Source of classification or shelving scheme Damaged status Not for loan Location (home branch) Sublocation or collection (holding branch) Shelving location Date acquired Koha issues (times borrowed) Koha full call number Accession No. Koha date last seen Koha item type
    Dewey Decimal Classification     VIVEKANANDA LIBRARY VIVEKANANDA LIBRARY Vivekananda Library 04/06/2025   179.9 R15A(2) 314564 04/06/2025 Books
© Designed and Maintained by Vivekananda Library, MDU Rohtak